1055 1103 1438 1615 1812 1560 1420 1540 1168 1102 1689 1995 1212 1176 1026 1003 1925 1543 1547 1306 1329 1858 1525 1887 1570 1937 1737 1454 1810 1699 1472 1920 1810 1760 1620 1716 1932 1699 1973 1151 1574 1801 1018 1261 1884 1665 1663 1753 1046 1830 1578 1616 1120 1967 1900 1634 1205 1786 1689 1051 1006 1930 1300 1142 1194 1012 1519 1281 1944 1731 1366 1317 1800 1795 1149 1062 1562 1826 1673 1207 1942 1639 1849 1098 1168 1635 1194 1106 1055 1484 1746 1360 1537 1168 1155 1076 1596 1557 1635 BCNSPRNW ULIB Ver.6.0+V

เปลี่ยนเป็นภาษาไทย

Change to English
 แสดงรายละเอียดบรรณานุกรม
  กลับหน้าหลัก

Brief Record : Get Marc (ISO 2709) : E-mail record : QR code < ปิดหน้าต่าง
LEADER : 00000nam 2200000uu 4500
001    13399109391
003     ULIB
008    110401s2545||||th 000 0 tha d
020    9743345221 (ล.4)
060 04 WB100^bต64 ล.4 2545
245 00 ตำราอายุรศาสตร์ /^cวิทยา ศรีดามา, บรรณาธิการ
250    พิมพ์ครั้งที่ 2
260    กรุงเทพฯ :^bโครงการตำราจุฬาอายุรศาสตร์ ภาควิชาอายุรศาสตร์คณะแพทยศาสตร์ จุฬาลงกรณ์มหาวิทยาลัย,^c2545
300     4ล. :^bภาพประกอบสี ;^c26 ซม.
650  7 อายุรศาสตร์^xรวมเรื่อง
650  7 การรักษาโรค
650  7 กระเพาะอาหารและลำไส้, โรค
650  7 ตจวิทยา
650  7 ต่อมไร้ท่อ, โรค
650  7 ไต, โรค
650  7 ผิวหนัง, โรค
650  7 พิษวิทยา
650  7 ประสาทวิทยา
650  7 ข้อ, โรค
650  7 ภูมิคุ้มกัน, วิทยา
650  7 ภูมิไวเกิน
650  7 โลหิตวิทยา
650  7 มะเร็ง
650  7 หัวใจ,โรค
650  7 โรคติดต่อ
700 0  วิทยา ศรีดามา,^eบรรณาธิการ
710 2  จุฬาลงกรณ์มหาวิทยาลัย. ^bคณะแพทยศาสตร์.^bโครงการตำราอายุรศาสตร์
945    ^p200^l0^i016817
945    ^p200^l0^i016816
945    ^p200^l0^i016815
995    ทศพร
999 ^a ใช้งานได้ทุกระบบ
รายการนี้ยังไม่มีแท็ก
คุณยังไม่ได้ล็อกอิน คุณสามารถมีกิจกรรมร่วมกับเว็บไซต์ได้ แต่ต้องล็อกอินก่อน ::
  ล็อกอิน

รายการสื่อสารสนเทศ

ลำดับที่ ประเภท เลขเรียก/บาร์โค้ด สถานที่ สถานะ
- ไม่พบข้อมูล -

รายการใกล้เคียง
    หัวเรื่อง [การรักษาโรค]
    หัวเรื่อง [กระเพาะอาหารและลำไส้, โรค]
    หัวเรื่อง [ตจวิทยา]
    หัวเรื่อง [ต่อมไร้ท่อ, โรค]
    หัวเรื่อง [ไต, โรค]
    หัวเรื่อง [ผิวหนัง, โรค]
    หัวเรื่อง [พิษวิทยา]
    หัวเรื่อง [ประสาทวิทยา]
    หัวเรื่อง [ข้อ, โรค]
    หัวเรื่อง [ภูมิคุ้มกัน, วิทยา]
    หัวเรื่อง [ภูมิไวเกิน]
    หัวเรื่อง [โลหิตวิทยา]
    หัวเรื่อง [มะเร็ง]
    หัวเรื่อง [หัวใจ,โรค]
    หัวเรื่อง [โรคติดต่อ]

BibComment


ยังไม่เคยถูกคอมเมนท์

คอมเมนท์ทรัพยากรรายการนี้
  คอมเมนท์: ตำราอายุรศาสตร์ ..


 Copyright 2026. Bcnsprnw @Library